| 000 | 00624nam a2200205 u 4500 | ||
|---|---|---|---|
| 005 | 20220603063705.0 | ||
| 008 | 080624s2002 r 000 0 eng d | ||
| 020 | _a8424180291 | ||
| 035 | _aUPN01000157434 | ||
| 049 | _aI | ||
| 050 | 4 |
_aPZ74.9 _bL6.3 |
|
| 100 | 1 |
_aLópez Soria, Marisa, _d1956- _933093 |
|
| 245 | 1 | 4 |
_aLos colores de Mateo/ _cMarisa López Soria ; il. por Katarzyna Rogowicz. |
| 260 |
_aLeón, Esp. : _bEverest, _c2002. |
||
| 300 |
_a58 p. : _bprincipalmente il. col. |
||
| 440 | 0 | _aMontaña encantada | |
| 650 | 4 |
_aCuentos infantiles _96744 |
|
| 700 | 1 |
_aRogowicz, Katarzyna, _eil. |
|
| 905 | _aInfantil | ||
| 999 |
_c129548 _d129548 |
||